Facultad de Derecho – Universidad Nacional de Mar del Plata

Derecho del trabajo y de la seguridad social (Record no. 884)

MARC details
000 -LEADER
fixed length control field 00746cam a22002657a 4500
001 - CONTROL NUMBER
control field 000893
003 - CONTROL NUMBER IDENTIFIER
control field armpunfd
005 - DATE AND TIME OF LATEST TRANSACTION
control field 20140612090624.0
008 - FIXED-LENGTH DATA ELEMENTS--GENERAL INFORMATION
fixed length control field 011019s1989#xx#a##########000#0##nd#d
040 ## - CATALOGING SOURCE
Original cataloging agency armpunfd
Transcribing agency armpunfd
080 ## - UNIVERSAL DECIMAL CLASSIFICATION NUMBER
Universal Decimal Classification number 351.83 V 479
100 10 - MAIN ENTRY--PERSONAL NAME
Personal name Vazquez Vialard, Antonio
245 10 - TITLE STATEMENT
Title Derecho del trabajo y de la seguridad social
260 ## - PUBLICATION, DISTRIBUTION, ETC. (IMPRINT)
Place of publication, distribution, etc Buenos Aires :
Name of publisher, distributor, etc Astrea,
Date of publication, distribution, etc 1989.
300 ## - PHYSICAL DESCRIPTION
Extent v.1 495 p.; v.2 662 p.
650 #7 - SUBJECT ADDED ENTRY--TOPICAL TERM
Topical term or geographic name as entry element Derecho Del Trabajo
Source of heading or term LEMB
650 #7 - SUBJECT ADDED ENTRY--TOPICAL TERM
Topical term or geographic name as entry element Derecho Laboral
Source of heading or term LEMB
942 ## - ADDED ENTRY ELEMENTS (KOHA)
Koha item type LIBRO
Source of classification or shelving scheme
945 ## - LOCAL PROCESSING INFORMATION (OCLC)
a Catalis
d 2010-08-19
945 ## - LOCAL PROCESSING INFORMATION (OCLC)
a Catalis
d 2010-08-19
945 ## - LOCAL PROCESSING INFORMATION (OCLC)
a Catalis
d 2010-08-19
945 ## - LOCAL PROCESSING INFORMATION (OCLC)
a Catalis
d 2010-08-19
945 ## - LOCAL PROCESSING INFORMATION (OCLC)
a sa
d 2013-10-29
945 ## - LOCAL PROCESSING INFORMATION (OCLC)
a sa
d 2013-10-29
Holdings
Withdrawn status Lost status Source of classification or shelving scheme Damaged status Not for loan Home library Current library Shelving location Date acquired Serial Enumeration / chronology Total Checkouts Full call number Barcode Date last seen Date checked out Price effective from Koha item type Total Renewals
          Bib. Derecho Bib. Derecho Sector Prestamo 12/06/2014 Tomo II 1 351.83 V 479 202775 18/02/2015 22/12/2014 12/06/2014 LIBRO  
          Bib. Derecho Bib. Derecho Sector Prestamo 12/06/2014 V.1 2 351.83 V 479 200294 20/04/2015 13/04/2015 12/06/2014 LIBRO 1
          Bib. Derecho Bib. Derecho Sector Prestamo 12/06/2014 V.2 1 351.83 V 479 200292 26/02/2015 22/12/2014 12/06/2014 LIBRO  
          Bib. Derecho Bib. Derecho Sector Prestamo 12/06/2014   5 351.83 V 479 202774 09/08/2024 12/07/2024 12/06/2014 LIBRO 3
          Bib. Derecho Bib. Derecho Sala de Lectura 12/06/2014 V.1   351.83 V 479 200293 12/06/2014   12/06/2014 LIBRO (Consulta)  
          Bib. Derecho Bib. Derecho Sala de Lectura 12/06/2014     351.83 V 479 200295 12/06/2014   12/06/2014 LIBRO (Consulta)  
          Bib. Derecho Bib. Derecho Sector Prestamo 15/10/2015     351.83 V 479 29508 15/10/2015   15/10/2015 LIBRO  

XHTML | CSS | ©Biblioteca Central - Dto. Tecnología de la Información - [ Con tecnología Koha ]